| 000 | 00411nam a22001337a 4500 | ||
|---|---|---|---|
| 020 | _a9787508630304 | ||
| 082 | _a003.54 | ||
| 100 | _aTaleb, Nassim Nicholas | ||
| 245 |
_aThe black swan : _bthe impact of the highly improbable (Chinese Edition) / _cNassim Nicholas Taleb |
||
| 260 |
_aChina : _bCITIC Press, _c2007. |
||
| 300 |
_a375 p. ; _c23 cm. |
||
| 880 |
_6245-02\r _a黑天鹅 / |
||
| 942 |
_2ddc _cBK |
||
| 999 |
_c591792 _d591792 |
||